| 000 | 00573nam a2200229Ia 4500 | ||
|---|---|---|---|
| 005 | 20250210041418.0 | ||
| 008 | 240331s9999 xx 000 0 und d | ||
| 020 | _a0415046998 | ||
| 082 |
_bGUN _22036 _a305.4 |
||
| 245 | 0 | _aA Reader in Feminist Knowledge | |
| 260 |
_aNew York; _aLondon _bRoutledge _c1991 |
||
| 300 | _axi, 414 p., | ||
| 650 | _aFeminism | ||
| 650 | _aWomen's Studies | ||
| 650 | _aRadical Feminism | ||
| 650 | _aSocialism | ||
| 650 | _aPostmodernism | ||
| 650 | _aReligion | ||
| 650 | _aPsychoanalysis | ||
| 700 |
_aGunew, S _eedt |
||
| 942 | _cL | ||
| 999 |
_c1587 _d1587 |
||